20 Most Famous Cities in Albania on a Map - Statistics

General Stats
  • This quiz has been taken 132 times
  • The average score is 10 of 21
Answers on the Map
Answers color-coded by a green-red scale on the quiz's map according to % correct below.
 
Answer Stats
Wiki Monthly Views Cityquiz Mention Rate Population Answers % Correct
87.78 K 37.16% 418.50 K Tirana
100%
36.18 K 7.50% 113.25 K Durrës
90%
29.60 K 3.04% 76.00 K Shkodër
78%
23.88 K 3.42% 79.51 K Vlorë
76%
12.26 K 1.56% 78.70 K Elbasan
66%
16.36 K 1.91% 51.15 K Korçë
61%
18.29 K 1.25% 36.50 K Berat
56%
9.58 K 0.81% 55.85 K Fier
56%
22.71 K 1.67% 12.54 K Sarandë
53%
19.04 K 0.98% 19.84 K Gjirokastër
49%
5.76 K 0.73% 16.69 K Kukës
47%
7.55 K 0.95% 15.51 K Lezhë
46%
9.64 K 0.42% 9.60 K Krujë
32%
7.35 K 0.50% 20.85 K Pogradec
32%
6.94 K 0.18% 2.99 K Ksamil
24%
4.19 K 0.21% 27.00 K Lushnjë
22%
7.31 K - 4.60 K Himarë
21%
3.38 K 0.25% 19.04 K Peshkopi
20%
5.34 K - 5.34 K Tropojë/Bajram Curri
20%
3.50 K 0.18% 6.58 K Tepelenë
14%
5.22 K - 2.22 K Voskopojë
6%
No matching quizzes found
Score Distribution
Percent of People with Each Score
Percentile by Number Answered
Your Score History
You have not taken this quiz